ARRUPE JESUIT UNIVERSITY

CORONAVIRUS -STOP THE SPREAD - CLEAN,DISINFECT,COVER

Franciscanas Missionarias de Maria. (Record no. 127520)

MARC details
000 -LEADER
fixed length control field 01136cas a22003257a 4500
001 - CONTROL NUMBER
control field 11399295
003 - CONTROL NUMBER IDENTIFIER
control field ARRUPE
005 - DATE AND TIME OF LATEST TRANSACTION
control field 20180126082914.0
008 - FIXED-LENGTH DATA ELEMENTS--GENERAL INFORMATION
fixed length control field 930130u19uuuuuupo mr p 0 0por
010 ## - LIBRARY OF CONGRESS CONTROL NUMBER
LC control number sf 92095430
035 ## - SYSTEM CONTROL NUMBER
System control number (OCoLC)ocm27350513
040 ## - CATALOGING SOURCE
Original cataloging agency DLC
Language of cataloging eng
Transcribing agency DLC
Modifying agency DLC
-- OCoLC
042 ## - AUTHENTICATION CODE
Authentication code msc
050 00 - LIBRARY OF CONGRESS CALL NUMBER
Classification number BX1682
Item number .M63
300 ## - PHYSICAL DESCRIPTION
Dimensions 24cm.
100 ## - MAIN ENTRY--PERSONAL NAME
Personal name Seixas Lavado, Maria Ludovina de
9 (RLIN) 38925
245 00 - TITLE STATEMENT
Title Franciscanas Missionarias de Maria.
Remainder of title 100 Anos em Mozambique 1897-1997
Statement of responsibility, etc Maria Ludovina De Seixas Lavado
260 ## - PUBLICATION, DISTRIBUTION, ETC. (IMPRINT)
Place of publication, distribution, etc maputo :
Name of publisher, distributor, etc Franciscanas Missionarias de Maria em Mozambique
Date of publication, distribution, etc 1997
300 ## - PHYSICAL DESCRIPTION
Extent 374p. ;
590 ## - LOCAL NOTE (RLIN)
Local note SERBIB/SERLOC merged record
650 ## - SUBJECT ADDED ENTRY--TOPICAL TERM
Topical term or geographic name as entry element Franciscan Missionaries of Mary
General subdivision History
9 (RLIN) 38926
650 ## - SUBJECT ADDED ENTRY--TOPICAL TERM
Topical term or geographic name as entry element Mozambique
General subdivision Catholic Church
-- History
9 (RLIN) 38927
906 ## - LOCAL DATA ELEMENT F, LDF (RLIN)
a 7
b cbc
c serials
d u
e ncip
f 19
g n-oclcserc
942 ## - ADDED ENTRY ELEMENTS (KOHA)
Source of classification or shelving scheme Library of Congress Classification
Koha item type Monograph ( Printed materials)
Holdings
Withdrawn status Lost status Source of classification or shelving scheme Damaged status Not for loan Collection code Home library Current library Shelving location Date acquired Total Checkouts Full call number Barcode Date last seen Price effective from Koha item type
    Library of Congress Classification     Main Collection ARRUPE LIBRARY ARRUPE LIBRARY Main Collection 26/01/2018   BX1682 .M63 46600000947 26/01/2018 26/01/2018 Monograph ( Printed materials)

 

Arrupe Library. PO Box MP320 Mt Pleasant, Harare, Zimbabwe
263 242 745411|librarian@aju.ac.zw